Hydrogen produced from renewable energy [3rd:1986: Hawaii] (Record no. 53925)
[ view plain ]
| 000 -LEADER | |
|---|---|
| fixed length control field | 00443nam a2200169Ia 4500 |
| 001 - CONTROL NUMBER | |
| control field | 56612 |
| 008 - FIXED-LENGTH DATA ELEMENTS--GENERAL INFORMATION | |
| fixed length control field | 140506s9999 xx 000 0 und d |
| 020 ## - INTERNATIONAL STANDARD BOOK NUMBER | |
| International Standard Book Number | NA |
| 040 ## - CATALOGING SOURCE | |
| Transcribing agency | PK-LaUMT |
| 082 ## - DEWEY DECIMAL CLASSIFICATION NUMBER | |
| Classification number | MAL 333.794 |
| Item number | HYD- |
| 100 ## - MAIN ENTRY--PERSONAL NAME | |
| Personal name | Neoil, Richard |
| 245 ## - TITLE STATEMENT | |
| Title | Hydrogen produced from renewable energy [3rd:1986: Hawaii] |
| Statement of responsibility, etc | Neoil, Richard |
| 260 ## - PUBLICATION, DISTRIBUTION, ETC. (IMPRINT) | |
| Place of publication, distribution, etc | Hawaii,USA: |
| Name of publisher, distributor, etc | University of Hawaii, |
| Date of publication, distribution, etc | 1986 |
| 300 ## - PHYSICAL DESCRIPTION | |
| Extent | 27 p. |
| 546 ## - LANGUAGE NOTE | |
| Language note | EN |
| 942 ## - ADDED ENTRY ELEMENTS (KOHA) | |
| Koha item type | Books |
| Withdrawn status | Lost status | Damaged status | Not for loan | Home library | Current library | Date acquired | Total Checkouts | Full call number | Barcode | Date last seen | Price effective from | Koha item type |
|---|---|---|---|---|---|---|---|---|---|---|---|---|
| UMT Main Campus | UMT Main Campus | 2014-05-06 | MAL 333.794 HYD- | 75544 | 2014-05-08 | 2014-05-08 | Books |
